Εθνος εθνικισμός και εθνική συνείδηση : μια ανθρωπολογική προσέγγιση
Αποθηκεύτηκε σε:
| Κύριος συγγραφέας: | |
|---|---|
| Μορφή: | Βιβλίο |
| Γλώσσα: | Greek |
| Δημοσίευση: |
[Αθήνα] :
Λεβιάθαν,
|
| Θέματα: | |
| Ετικέτες: |
Προσθήκη ετικέτας
Δεν υπάρχουν, Καταχωρήστε ετικέτα πρώτοι!
|
MARC
| LEADER | 00000nam a2200000 i 4500 | ||
|---|---|---|---|
| 001 | 1/2784 | ||
| 008 | 960227s gre d | ||
| 035 | |l 10014986 | ||
| 040 | |a GR-MY-UA |b gre |e aacr | ||
| 041 | 0 | |a gre | |
| 082 | 0 | |a 320.54 | |
| 100 | 1 | |a Μιχαήλ, Δόμνα. | |
| 245 | 1 | 0 | |a Εθνος εθνικισμός και εθνική συνείδηση : |b μια ανθρωπολογική προσέγγιση / |c Δόμνα Μιχαήλ |
| 260 | |a [Αθήνα] : |b Λεβιάθαν, | ||
| 300 | |a 71σ. | ||
| 504 | |a Περιλαμβάνει βιβλιογραφικές αναφορές | ||
| 650 | 0 | 0 | |a National characteristics. |
| 650 | 0 | 0 | |a Nationalism. |
| 852 | |a INST |b LESVOS |e 19960227 |h 320.54 ΜΙΧ |p 005100007147 |q 005100007147 |t BK |y 0 | ||
| 909 | |a Λ |b 043757 | ||
| 922 | |a 1ΔΩΡ |b 199602 |c ΤΚΑ | ||